| 000 | 01113nam a2200337 i 4500 | ||
|---|---|---|---|
| 003 | EG-GICUC | ||
| 005 | 20260426074703.0 | ||
| 008 | 260426s1856 en |fr|||| 00| 0 eng d | ||
| 040 |
_aEG-GiCUC _beng _cEG-GiCUC _dEG-GiCUC _eRda |
||
| 041 | _aeng | ||
| 082 | 0 | 4 |
_221 _a343.767591 _bCH . R |
| 092 | 0 | 4 | _221 |
| 099 | _aLaw1 10 343.767591 CH . R 1856 | ||
| 100 | 1 |
_a Chesterton, George Laval, _eAuthor. |
|
| 245 | 1 | 0 |
_aRevelations Of Prison Life : _bWith An Enquiry Into Prison Discipline And Secondary Punishments / _cBy George Laval Chesterton. |
| 250 | _aSecond Edition, Revised | ||
| 264 | 1 |
_aLondon : _bHurst And Blackett, Publishers, _c1856 . |
|
| 300 |
_a337 page ; _c 24 cm. |
||
| 336 |
_2rda contenu _a texte |
||
| 337 |
_2rda medias _aOrdinateur |
||
| 338 |
_2 transporteur rda _a Ressource en ligne |
||
| 504 | _a | ||
| 546 | _aText in English | ||
| 650 | 1 |
_aCriminal law _2qrmak |
|
| 650 | 1 | _aPrisons | |
| 651 | 1 | _2qrmak | |
| 700 | 1 |
_aColburn, Henry, _eContributor |
|
| 856 | 4 | 0 | _uhttps://fll.law.cu.edu.eg/fulltext/bks/B10-11164.pdf |
| 905 | _a167 | ||
| 942 |
_2ddc _cBK _e21 _n0 |
||
| 999 |
_c73384 _d73384 |
||